[Event "CHI-ch Absolute 2018"]
[Site "Santiago"]
[Date "2018.03.01"]
[Round "7"]
[White "Abarca Gonzalez, Nicolas"]
[Black "Henriquez Villagra, Cristobal"]
[Result "0-1"]
[WhiteElo "2388"]
[BlackElo "2501"]
[Annotator "TA"]
[PlyCount "148"]
[EventDate "2018.??.??"]
[EventType "tourn"]
[EventCountry "CHI"]
[SourceTitle "playchess.com"]
[Source "ChessBase"]
[SourceQuality "1"]

{[%evp 13,148,18,15,-18,22,-9,0,-19,0,-12,0,-10,-7,-25,-10,-22,-20,-105,-106,-120,-68,-71,-79,-73,-74,-77,-75,-165,-156,-151,-155,-164,-158,-204,-195,-266,-264,-259,-268,-264,-253,-367,-386,-386,-395,-393,-404,-394,-403,-385,-394,-346,-393,-581,-599,-591,-583,-708,-706,-670,-637,-854,-555,-539,-537,-518,-501,-812,-737,-881,-880,-971,-971,-2279,-1718,-1540,-1429,-6020,-5600,-29967,-29967,-29967,-29966,-29965,-29965,-29967,-29968,-29958,-29966,-29967,-29968,-29966,-29966,-12847,-5804,-8590,-2892,-4590,-3000,-2511,-1873,-6070,-4618,-29968,-29967,-29969,-29971,-29968,-29969,-29971,-29972,-29964,-29965,-29976,-29974,-29971,-29973,-29974,-29975,-29973,-29975,-29977,-29978,-29979,-29974,-29974,-29977,-29981,-29982,-29982,-29983,-29983,-29984,-29984,-29985,-29985,-29986]} 1. e4 c6 2. d4 d5 3. e5 Bf5 4. Nf3 e6 5. Bd3 Bxd3 6. Qxd3 Qa5+ 7. Nbd2 Qa6 {LiveBook: 3 Games. B12: Caro-Kann: Advance Variation} 8. Ke2 (8. c4 Ne7 9. O-O Nd7 10. b3 c5 11. Bb2 Nc6 12. Qe3 dxc4 13. Nxc4 Nb4 14. Ng5 Be7 15. dxc5 {1-0 (48) Vajda,L (2612)-Padeiro,J (2354) Istanbul 2012}) 8... Ne7 $146 ({Predecessor:} 8... c5 9. c4 Nc6 10. cxd5 Qxd3+ 11. Kxd3 Nb4+ 12. Ke2 Nxd5 13. Ne4 cxd4 14. Nxd4 a6 15. Bd2 {1-0 (56) Cardoso,M (1823)-Setti,D (1625) Florianopolis 2017}) 9. a4 Ng6 {...Nf4+ is the strong threat.The position is equal.} 10. g3 f6 11. b3 Be7 12. h4 Qxd3+ 13. Kxd3 h5 14. Re1 Kf7 15. Ng1 (15. Bb2 $11 {keeps the balance.}) 15... c5 $17 16. Ba3 Nc6 (16... cxd4 $17 17. Bxe7 Nxe7 18. exf6 gxf6 19. Kxd4 Na6) 17. exf6 $15 Bxf6 18. Bxc5 b6 $36 {[%mdl 2048] Black is in control.} 19. Ba3 Nxd4 20. Bb2 {[#]} (20. c3 $17 {was called for.} Nf5 21. Kc2) 20... Nxb3 $1 $19 {[%mdl 512] Threatens to win with ...Nc5+.} 21. cxb3 {aiming for Bxf6.} Bxb2 22. Rab1 Bf6 23. f4 Rac8 24. Rbc1 (24. Ndf3 $142) 24... e5 25. fxe5 Nxe5+ 26. Ke2 Ng4 27. Kd3 (27. Rxc8 $142 Rxc8 28. Ngf3) 27... Rhe8 {[%cal Rg4f2]} 28. Rxc8 Nf2+ ({Not} 28... Rxc8 29. Ngf3 $19) (28... Rxe1 $2 29. Ngf3 $17) 29. Kc2 Rxc8+ 30. Kb1 Rc3 31. Ngf3 {[#]} Ne4 $1 {[%mdl 512]} 32. Rg1 (32. Nxe4 Rxb3+) 32... Nc5 33. Ng5+ (33. g4 {was worth a try.} hxg4 34. Rxg4) 33... Bxg5 34. hxg5 Ne4 35. Nxe4 dxe4 {[%mdl 4096] Endgame KR-KR} 36. Kb2 Rd3 37. Rc1 Rd2+ 38. Kc3 Rd7 39. Re1 Rd3+ 40. Kc4 (40. Kc2 $142 Rxg3 41. Rxe4) 40... Rxg3 41. Kd4 Rxb3 42. Kxe4 Kg6 43. Kd5 Rb4 44. Re6+ Kxg5 45. Re7 Rxa4 46. Rxg7+ Kf4 47. Rh7 Kg4 48. Rg7+ Kf3 49. Rf7+ Kg3 50. Rg7+ Kh2 51. Rc7 h4 52. Ke5 h3 53. Kf5 Kg1 54. Rc1+ Kf2 55. Rc2+ Ke1 56. Kg5 Rb4 57. Ra2 a5 {[%cal Ba7a5,Ba5a4][%mdl 32]} 58. Ra3 h2 {Black mates.} 59. Ra1+ Kd2 60. Ra2+ Kc3 61. Rxh2 a4 62. Rh3+ Kc4 63. Kf4 Kd5+ 64. Kf5 Rb3 65. Rh1 Rf3+ 66. Kg4 Rf8 67. Kg5 b5 {[%cal Bb6b5,Bb5b4][%mdl 32]} 68. Kg6 Kc5 69. Kg7 Rf2 70. Rh3 b4 71. Rh5+ Kc4 72. Rh4+ Kc3 73. Rh3+ Kb2 74. Rh4 Ka3 {Precision: White = 31%, Black = 81%.} 0-1

[Event "CHI-ch Absolute 2018"]
[Site "Santiago"]
[Date "2018.03.01"]
[Round "7"]
[White "Diaz Villagran, Robert"]
[Black "Perez Gormaz, Matias"]
[Result "0-1"]
[WhiteElo "2317"]
[BlackElo "2410"]
[Annotator "TA"]
[PlyCount "126"]
[EventDate "2018.??.??"]
[EventType "tourn"]
[EventCountry "CHI"]
[SourceTitle "playchess.com"]
[Source "ChessBase"]
[SourceQuality "1"]

{[%evp 16,126,0,4,16,6,8,0,0,0,0,0,0,-14,-2,-11,18,8,17,21,27,20,24,-17,-18,-15,-19,-15,-14,-29,-20,-39,-12,-42,-29,-34,-33,-29,-23,-35,-25,-62,-31,-64,-31,-77,-23,-87,16,0,117,66,70,52,68,20,27,-111,-113,-92,-107,-107,-107,-116,-118,-118,-118,-271,-112,-104,-108,-105,0,0,-41,-33,0,-98,-79,-122,25,-16,10,0,0,-25,-50,-136,-123,-960,-941,-1039,-995,-874,-833,-958,0,0,0,0,0,-676,-347,-843,645,-1281,0,-1754,0,-29987,-29988,-29988,-29989]} 1. e4 e5 2. Nf3 Nc6 3. Bb5 a6 4. Ba4 Nf6 5. Qe2 Be7 6. c3 b5 7. Bb3 O-O 8. O-O d5 9. d3 Be6 {C86: Closed Ruy Lopez: Worrall Attack} 10. Rd1 Re8 11. Nbd2 h6 {The position is equal.} 12. Nf1 Bf8 13. h3 (13. Ng3 d4 14. Bxe6 Rxe6 15. Nf5 Ne8 16. a4 Rb8 17. axb5 axb5 {0-1 (66) Bacrot,E (2725)-Aronian,L (2805) Riadh 2017}) 13... g6 14. Ng3 Bg7 15. Bc2 d4 $146 ({Predecessor:} 15... Qe7 16. b3 Rad8 17. Bb2 Nd7 18. d4 {0-1 (48) Kristiansen,E (2257)-Klovans,J (2417) Naumburg 2002}) 16. Bd2 Nd7 17. cxd4 exd4 18. Nh2 Ne7 19. Ba5 Qb8 20. Bb3 Bxb3 21. axb3 b4 22. Rdc1 c5 23. Nf3 Nc6 24. Ra4 Re6 25. Nf1 Bf8 26. N1d2 Qb7 27. Qf1 Rae8 28. Nc4 Qb8 29. g3 Rf6 30. Qg2 h5 (30... g5 $17) 31. Raa1 (31. h4 $11) 31... Bd6 (31... Bh6 $17 32. Re1 g5) 32. Rd1 Qb5 (32... Nce5 $11 33. Nfxe5 Nxe5) 33. Nxd6 (33. Ng5 $16) 33... Rxd6 $14 34. Bc7 Rf6 35. Bf4 a5 36. Bg5 (36. Nh4 $11) 36... Rxf3 $1 $17 37. Qxf3 c4 $1 38. Bf4 c3 $1 {[%mdl 1024] Black has strong compensation.} 39. Qe2 Nc5 40. Qc2 Re6 41. g4 $2 (41. h4 $17) 41... Nd7 (41... Rf6 $19 {and Black stays clearly on top.} 42. Bg3 hxg4 43. hxg4 Rf3) 42. Bg3 hxg4 $1 43. hxg4 Qg5 (43... g5 $1 $17) 44. Kg2 $1 $11 Qxg4 {Hoping for ...Nde5.} 45. f3 Qg5 46. f4 (46. Rh1 $11 {was the only way to keep the balance.}) 46... Qb5 $1 $17 47. Rh1 Nc5 (47... f5 $1 $17 {[%cal Rf5e4]} 48. e5 g5) 48. Rad1 cxb2 49. Kf3 Kf8 50. Rh8+ Ke7 $1 ({Wrong is} 50... Kg7 $2 51. Qh2 $18) 51. Rh2 (51. Kg2 $15) 51... a4 {Threatens to win with ...a3.} 52. Kg4 $2 {[%mdl 8192]} (52. Qxb2 $17 Nxb3 53. Qa2) 52... a3 $19 53. f5 gxf5+ 54. exf5 Re3 55. Re2 Na5 $2 (55... Nd7 $19 {...Nf6+ is the strong threat.} 56. Bh4+ Nf6+ 57. Kg5 Qe5) 56. Rxe3+ $11 dxe3 57. d4 $1 {[%cal Rd4c5]} Nd7 58. d5 $2 {[%mdl 8192]} (58. Qe4+ $11 Kd8 59. Qa8+ Ke7 60. Qe4+ Kd8 61. Qa8+ Nb8 62. Rh1) 58... e2 59. Rd2 $2 (59. Re1 Nf6+ 60. Kg5 Nxd5 61. Rxe2+ Kd7 62. Rd2) 59... Ne5+ $4 {[%mdl 8192]} (59... Kf8 $19 60. Bf2 Nf6+ 61. Kh4 a2 62. Qxb2 Nxb3 63. Qxa2 Qc4+ 64. Kg3 Qc3+ 65. Kg2 Nxd2 66. Qa8+ Kg7) 60. Kf4 $4 {[%mdl 8192]} (60. Bxe5 $18 Nc6 61. Bd6+ $1 {[%mdl 512]} Kxd6 62. dxc6+ Kc7 63. Rd7+ Kb6 64. Rb7+ Ka6 65. Re7 (65. Rxb5 e1=Q $16)) 60... a2 $2 ({Better is} 60... Kd6 $19 61. Kg5 Qe8 62. Bxe5+ Qxe5 63. Rxe2 b1=Q 64. Qxb1 Qxe2) 61. Rxe2 $4 {[%mdl 8192]} (61. Qc7+ $11 Nd7 62. f6+ $1 {[%mdl 512]} Kxf6 63. Qd8+ Kg7 64. Qg5+ Kh8 65. Qh5+ Kg8 66. Qg5+ Kh7 67. Qh5+ Kg8 68. Qg5+ Kf8 69. Qd8+ Kg7 70. Qg5+ Kh8 71. Qh5+ Kg7 72. Qg5+) 61... f6 $2 (61... Kd7 $19 62. Kg5 a1=Q 63. Qxb2 Nf3+ 64. Kg4 Qxb2 65. Rxb2 Qxd5) 62. Rh2 $2 {[%mdl 8192]} (62. Qc7+ $11 Kf8 63. Qd8+ Kf7 {[#]} 64. Bh4 $3 {[%mdl 512]}) 62... Qf1+ 63. Bf2 Qc1+ {Precision: White = 24%, Black = 44%.} 0-1

[Event "CHI-ch Absolute 2018"]
[Site "Santiago"]
[Date "2018.02.28"]
[Round "7"]
[White "Aguirre Contreras, Cristian"]
[Black "Vergara Jofre, Felipe"]
[Result "0-1"]
[WhiteElo "2272"]
[BlackElo "2270"]
[Annotator "TA"]
[PlyCount "118"]
[EventDate "2018.??.??"]
[EventType "tourn"]
[EventCountry "CHI"]
[SourceTitle "playchess.com"]
[Source "ChessBase"]
[SourceQuality "1"]

{[%evp 12,118,6,0,8,1,21,9,11,17,20,20,16,15,33,31,39,35,51,0,-8,-20,69,91,90,16,47,16,16,18,7,0,0,-33,60,63,62,30,38,35,35,35,41,15,71,0,52,2,29,-12,13,0,147,145,137,160,152,135,158,161,152,150,139,138,152,146,146,146,166,150,296,293,385,382,485,485,473,459,428,308,460,458,479,457,438,443,379,377,29977,605,485,336,311,240,320,317,6275,12824,29985,353,714,-767,-684,-868,-798,-905,-905,-29977,-29978]} 1. Nf3 d5 2. b3 Bg4 3. Bb2 Nd7 4. g3 Ngf6 5. Bg2 e6 6. d3 {A06: Réti Opening:1 Nf3 d5} (6. O-O Bd6 7. d3 O-O 8. Nbd2 Qe7 9. a3 e5 10. e4 d4 11. h3 Bh5 12. Nc4 b5 13. Nxd6 Qxd6 14. Qd2 {1-0 (48) Anton Guijarro,D (2666)-Ni,H (2671) Riadh 2017}) 6... Bd6 7. Nbd2 {LiveBook: 10 Games} e5 8. e4 {The position is equal.} d4 $146 ({Predecessor:} 8... c6 9. O-O O-O 10. Qe1 Re8 11. h3 Bh5 12. Kh1 Bg6 13. Nh4 Nc5 14. Qe2 Qc7 15. Nxg6 hxg6 16. h4 Rad8 17. Rfe1 Ne6 18. Nf3 d4 19. Bh3 c5 {1-0 (37) Sosa Harrison,J (2311)-Rowe,D (2195) Bled 2002}) 9. O-O c5 10. h3 Bh5 11. a4 O-O 12. Qe1 b6 13. Nh4 Ne8 {[%cal Bf6e8,Be8g7,Bg7e6,Be6f4][%mdl 32]} 14. f4 {Hoping for g4.} f6 15. g4 (15. Nc4 $14) 15... Bf7 $11 16. f5 g5 (16... a6 $11) 17. fxg6 $14 hxg6 18. Qg3 (18. Nc4 $16) 18... Ng7 19. Nc4 (19. Nf5 $5 gxf5 20. exf5 $15) 19... Bc7 20. Bc1 Ne6 21. Bh6 Nf4 22. Rf2 Kh7 ({Black should play} 22... Bxc4 $15 23. bxc4 Rf7) 23. Bxf8 Nxf8 24. Nd2 N8e6 25. Nhf3 Qe7 26. h4 Rh8 27. Nc4 Nf8 (27... Kg8 $11) 28. Ncd2 N8e6 29. Raf1 Kg7 30. Nc4 a6 31. g5 b5 (31... fxg5 $1 $11 32. hxg5 Nxg2 33. Rxg2 Nf4) 32. axb5 axb5 33. gxf6+ Qxf6 {[#]} 34. Ncxe5 $1 {[%mdl 512]} Bxe5 35. Nxe5 Qxe5 36. Rxf4 Nxf4 37. Rxf4 Qe7 38. Rg4 Rh5 39. Bf3 {[#] Rxg6+! is the strong threat.} Re5 40. Kg2 Kh7 (40... c4 $16 41. bxc4 bxc4 42. dxc4 Kh7) 41. Rg5 $18 Re6 42. e5 Ra6 43. h5 gxh5 {Black wants to play ...Kh6.} 44. Be4+ Kh8 45. Qh4 Qf8 (45... Re6 $142 46. Qf4 Ra6) 46. Qf4 Qe7 47. Qf5 {[%csl Ge4][%cal Rf5h7]} Rh6 48. e6 Qxe6 49. Qxc5 {Qf8+ would kill now.} Bg6 $2 (49... Rg6 $18 50. Qxd4+ (50. Bxg6 Qe2+ 51. Kg1 Qe1+ 52. Kg2 Qe2+ 53. Kg3 Qe1+ 54. Kh2 Qf2+ 55. Kh3 Qf1+ 56. Kh4 Qh1+ 57. Kg3 Qg1+ 58. Kf3 Qe3+ 59. Kg2 Qe2+ $11) 50... Qf6 51. Qxf6+ Rxf6 52. Rxb5 Kg8) 50. Qxd4+ (50. Qf8+ $142 Kh7 51. Bd5 Qe2+ 52. Kh3 Qe3+ 53. Rg3 Qe8 54. Bg8+ Kh8 55. Qxh6+ Kxg8 56. Rxg6+ Qxg6 57. Qxg6+ Kf8 58. Qh7) 50... Kh7 {Now ...Bxe4+ and Black clings on.} 51. Qa7+ Kh8 52. Qb8+ Kh7 53. Kh2 h4 $2 (53... Qf6) 54. Qf8 b4 55. Qxb4 $2 (55. Bd5 {mates} Qe2+ 56. Kh1 Qe1+ 57. Rg1 Qe8 58. Bg8+ Kh8 59. Qxh6+ Kxg8 60. Rxg6+ Qxg6 61. Qxg6+ Kf8 62. Qh7) 55... Qf6 $2 (55... Bxe4 56. dxe4 Qd6+ 57. Qxd6 Rxd6) 56. Qb8 $4 {[%mdl 8192]} (56. Qb7+ $18 Kh8 57. Qc8+ Kg7 58. Qf5 Qxf5 59. Bxf5) 56... Qxg5 $19 57. Qc7+ Kg8 58. Qc8+ Kg7 {( -> ...Qg3+)} 59. Qd7+ Bf7 {Precision: White = 46%, Black = 42%.} 0-1

[Event "CHI-ch Absolute 2018"]
[Site "Santiago"]
[Date "2018.02.28"]
[Round "7"]
[White "Fuentes Parra, Victor Ignacio"]
[Black "Salinas Herrera, Pablo"]
[Result "0-1"]
[WhiteElo "2148"]
[BlackElo "2453"]
[Annotator "TA"]
[PlyCount "160"]
[EventDate "2018.??.??"]
[EventType "tourn"]
[EventCountry "CHI"]
[SourceTitle "playchess.com"]
[Source "ChessBase"]
[SourceQuality "1"]

{[%evp 9,160,14,26,-18,-9,-97,-73,-74,-70,-92,51,29,20,0,17,11,4,0,68,81,85,-22,51,37,25,33,35,33,34,18,26,14,24,17,46,14,54,14,11,6,7,10,35,21,14,15,70,24,29,22,36,10,0,-10,3,0,0,0,0,-19,-19,-30,0,-16,-7,-7,-7,-10,-3,-3,-3,-4,-3,-4,-2,-4,0,0,0,0,0,0,0,0,0,0,0,0,0,0,0,0,0,-20,-20,-20,-12,-12,-12,-20,-12,-20,-20,-20,-20,-20,-6,-20,-23,-457,-473,-480,-480,-1102,-1082,-1005,-968,-839,-964,-720,-612,-1304,-1272,-1209,-679,-1947,-1954,-1947,-1929,-1873,-1191,-4722,-2179,-6605,-7102,-3291,-3020,-29966,-29971,-29978,-29979,-29980,-29981,-29981,-29982,-29980,-29981,-29981,-29979,-29979,-29980,-29989,-29990]} 1. d4 Nf6 2. Nf3 d6 3. Nc3 g6 4. Bf4 Bg7 5. Qd2 O-O {LiveBook: 4 Games} (5... c6 6. Bh6 Bxh6 7. Qxh6 Bf5 8. Ng5 d5 9. O-O-O b5 10. f3 b4 11. Na4 Qa5 12. b3 Nbd7 13. g4 {½-½ (63) Stefanova,A (2500)-Harika,D (2504) Huaian 2017}) 6. h4 {A48: 1 d4 Nf6 2 Nf3 g6: Torre, London and Colle Systems} c5 7. Bh6 (7. e3 $11) 7... cxd4 8. Nxd4 {[#]Black is better.} Bxh6 $146 ({Predecessor:} 8... Nc6 9. Bxg7 Kxg7 10. f3 Qb6 11. O-O-O Nxd4 12. Qxd4 Qxd4 13. Rxd4 Be6 14. e4 Rac8 15. Kb1 Rc5 16. Rb4 b6 17. Ba6 Bc8 18. Ra4 Bd7 19. Rb4 Bc8 {½-½ (19) Csukerda,A (2061)-Banszky,M (1972) Hungary 2012}) 9. Qxh6 Qa5 (9... Qb6 $17 10. Qd2 e5) 10. f3 Nc6 11. O-O-O {[%cal Ba1d1,Bd1d4,Bd4a4][%mdl 32]} Nxd4 12. Rxd4 Be6 $132 {[%mdl 2048] Black is not keeping still} 13. h5 Rac8 ({Reject} 13... gxh5 $6 14. Rdh4 $16) (13... Qe5 $1 $11 14. Rb4 g5) 14. hxg6 fxg6 {[#]} 15. Qe3 (15. Ra4 $1 $16 {[%cal Ra4a5]} Qb6 16. e3) 15... Qe5 (15... Bxa2 $11 16. Qxe7 Bb3 17. cxb3 Rxc3+ 18. Kb1 Rc6) 16. Qxe5 dxe5 17. Ra4 a6 18. Ra5 Nd7 19. g3 Rfd8 20. Bh3 Bxh3 21. Rxh3 Nc5 22. Na4 Nd7 23. Rd5 e4 24. Rh1 exf3 25. exf3 {And now Rhd1 would win.} Nf6 (25... Nb8 $5 {[%cal Rd8d5]} 26. Rxd8+ Rxd8 $14) 26. Re5 Rc7 27. Nc3 Rcd7 ({Black should try} 27... h5 $11) 28. Rhe1 Kf7 29. g4 h5 30. gxh5 gxh5 31. Ne4 {Hoping for Nc5.} Nxe4 32. R5xe4 $11 {[%mdl 4096] Endgame KRR-KRR} Rh8 33. Rf4+ Ke8 34. Rf5 h4 35. Rg5 Rh7 36. Rg4 Rd6 37. Rh1 h3 38. Rh2 $1 Rh5 39. Rg3 Rdh6 $1 40. Kd2 Kf7 41. Ke3 Kf6 42. Rg4 Rg5 {...Rxg4 is the strong threat.} 43. Kf4 Rb5 44. b3 Ke6 45. Kg3 Rbh5 46. a3 Kd6 47. Rd4+ Kc6 48. Rc4+ Kb6 49. Rb4+ Ka7 50. Rg4 e5 51. f4 exf4+ 52. Kxf4 Rf6+ 53. Ke3 Kb6 54. Rg3 Rfh6 55. c4 Kc6 56. b4 Kd6 57. Kd3 Ke5 58. Rg7 Rh7 59. Rxh7 $4 {[%mdl 8192]} (59. Rg8 $1 $11 {and White has nothing to worry.}) 59... Rxh7 {KR-KR} 60. Ke3 Rh4 61. c5 (61. Rh1 $142 Rxc4 62. Kf2 Rc2+ 63. Kg3) 61... Kd5 $19 62. Kd3 Rh7 63. Kc3 Kc6 64. Kb3 Kb5 65. a4+ Kc6 66. Kc3 Rh4 67. Kb3 {[#]} a5 $1 {[%mdl 512]} 68. bxa5 Kxc5 69. Kc3 Rxa4 70. Kd3 Rxa5 71. Rc2+ Kd5 72. Ke3 Ra3+ 73. Kf2 b5 {[%cal Bb7b5,Bb5b4,Bb4b3,Bb3b2][%mdl 32] Black mates.} 74. Kg1 b4 75. Kh2 Rc3 76. Rd2+ Kc4 77. Rd8 b3 78. Rb8 Kd3 79. Kxh3 Kc2+ 80. Kg2 b2 {Precision: White = 36%, Black = 65%.} 0-1

[Event "CHI-ch Absolute 2018"]
[Site "Santiago"]
[Date "2018.03.01"]
[Round "8"]
[White "Henriquez Villagra, Cristobal"]
[Black "Fuentes Parra, Victor Ignacio"]
[Result "1-0"]
[WhiteElo "2501"]
[BlackElo "2148"]
[Annotator "TA"]
[PlyCount "47"]
[EventDate "2018.??.??"]
[EventType "tourn"]
[EventCountry "CHI"]
[SourceTitle "playchess.com"]
[Source "ChessBase"]
[SourceQuality "1"]

{[%evp 9,47,39,32,32,56,60,61,58,66,66,66,55,85,94,89,102,127,85,158,134,142,134,134,148,153,132,114,104,151,91,152,168,333,327,578,529,566,316,286,295]} 1. Nf3 d5 2. g3 Nf6 3. Bg2 Bg4 4. c4 e6 5. Qb3 Qc8 {LiveBook: 4 Games} 6. Ne5 {[%cal Rc4d5] A07: Réti Opening: New York and Capablanca Systems} (6. Nc3 c6 7. d4 Nbd7 8. Bf4 Be7 9. Rc1 O-O 10. O-O Bxf3 11. Bxf3 Nb6 12. c5 {½-½ (22) Ivanchuk,V (2726)-Yu,Y (2751) Huaian 2017}) 6... c6 7. Nxg4 Nxg4 8. d4 {White is slightly better.} Bd6 9. Nc3 {[%cal Rc4d5]} Nf6 10. Bg5 {[%cal Rc4d5]} dxc4 $146 ({Predecessor:} 10... Nbd7 11. Rc1 Qb8 12. O-O {1-0 (45) Roiz,M (2579)-Drozdov,A (2324) Israel 2005}) 11. Qxc4 Nbd7 12. e4 {And now e5 would win.} e5 13. O-O-O {[%cal Ba1d1,Bd1d4,Bd4d3,Bd3d7][%mdl 32]} b5 (13... Nb6 $142 14. Qd3 exd4) 14. Qe2 $16 {[#] Threatens to win with f4.} O-O 15. f4 $36 {[%mdl 2048] White is in control.} exd4 16. Rxd4 Bc5 17. Rd3 {Black must now prevent Bh3.} Qa6 18. Qc2 h6 19. Bh4 ({Better is} 19. Bxf6 $1 Nxf6 20. e5) 19... g5 (19... Nb6 $142) 20. fxg5 hxg5 $2 (20... Ne5) 21. Bxg5 $18 {Strongly threatening Qd2.} Nh7 $2 (21... Rae8 {might work better.} 22. Rf1 Be7) 22. Rxd7 Nxg5 23. Qd2 Ne6 {[#]} 24. Bh3 $1 {Precision: White = 71%, Black = 26%.} 1-0

[Event "CHI-ch Absolute 2018"]
[Site "Santiago"]
[Date "2018.03.01"]
[Round "8"]
[White "Salinas Herrera, Pablo"]
[Black "Aguirre Contreras, Cristian"]
[Result "1-0"]
[WhiteElo "2453"]
[BlackElo "2272"]
[Annotator "TA"]
[PlyCount "117"]
[EventDate "2018.??.??"]
[EventType "tourn"]
[EventCountry "CHI"]
[SourceTitle "playchess.com"]
[Source "ChessBase"]
[SourceQuality "1"]

{[%evp 19,117,0,0,0,32,33,36,-58,-16,-60,-35,-23,0,-35,35,0,0,-13,-21,-63,-35,-48,0,-19,20,23,41,0,36,0,0,0,48,56,48,35,136,141,337,337,323,315,317,311,358,358,352,348,325,328,331,323,400,393,393,393,493,498,466,477,864,864,711,770,29938,29941,2056,97,97,106,1123,1116,1116,1116,933,926,926,377,1418,1282,841,643,29978,29967,29979,29968,29968,29969,29967,29968,29968,29969,29968,29969,29969,29970,29973,29974,29972,11866]} 1. d4 Nf6 2. c4 e6 3. Nc3 d5 4. cxd5 exd5 5. Bg5 c6 6. e3 h6 7. Bh4 Bd6 8. Bd3 O-O 9. Nf3 Re8 10. Qc2 Bg4 {LiveBook: 4 Partien. D35: Damengambit (Abtauschvariante)} (10... Be6 11. Ne5 c5 12. O-O cxd4 13. exd4 Nc6 14. Nxc6 bxc6 15. Bg3 Bxg3 16. hxg3 Ng4 17. Be2 Qg5 18. Qc1 {1-0 (50) Mchedlishvili,M (2603)-Salgado Lopez,I (2644) Riadh 2017}) 11. Nd2 Nbd7 12. h3 Be6 {Weiß steht etwas besser.} 13. O-O-O (13. f4 $14) 13... b5 {[%cal Bb7b5,Bb5b4][%mdl 32]} 14. Kb1 $146 ({Vorgänger:} 14. g4 b4 15. Na4 c5 16. dxc5 Bxc5 17. Nxc5 Rc8 18. Kb1 Rxc5 {0-1 (38) Smirnova,N-Dolgova,D Serpukhov 1999}) 14... Nb6 15. f3 b4 16. Na4 Bd7 (16... Nxa4 $1 $15 17. Qxa4 a5) 17. e4 {Schwarz muss nun Sxb6 beachten.} Nxa4 18. Qxa4 {Und weiter mit e5 wäre nett.} Be7 $1 19. Bxf6 Bxf6 20. Qxb4 Rb8 21. Qc5 Be7 22. Qc2 Rb4 23. Nb3 Qb6 24. Nc5 Rb8 {[%cal Rb4b2]} 25. b3 Bc8 26. exd5 cxd5 27. Rhe1 Bf8 (27... Qd6 $14) 28. a3 $1 $40 {[%cal Ra3b4][%mdl 128] Weiss riecht Blut.} Rxb3+ $2 (28... Rxd4 $16 {ist wohl besser.} 29. Bh7+ Kh8 30. Rxd4 Qxc5 31. Qxc5 Bxc5 32. Rxd5 Bf2) 29. Nxb3 $18 ({Schwächer ist} 29. Qxb3 Qd6 $16) 29... Qxb3+ 30. Qxb3 Rxb3+ 31. Kc2 Rxa3 32. Ra1 Be6 33. Rxa3 Bxa3 {[%mdl 4096] Endspiel KTL-KL} 34. Ra1 Bd6 35. Rxa7 g5 36. g4 Kg7 37. Bb5 h5 38. Bd7 hxg4 39. hxg4 {Droht Lxe6 und aus.} ({Nicht} 39. Bxe6 g3 $16) 39... Kf6 (39... Kf8 $142 40. Bc6 f6) 40. Kb3 Bf8 41. Ka4 Bxd7+ 42. Rxd7 {KT-KL} Ke6 43. Ra7 $2 (43. Rb7 $18 {und der Rest ist Schweigen.} Be7 44. Rxe7+ $1 {[%mdl 512]} Kxe7 45. Kb5) 43... Bg7 $16 44. Ra6+ Ke7 $2 {[%mdl 8192] [#]} (44... Kd7 $16 45. Kb4 Bxd4) 45. Kb5 $1 $18 Bxd4 {[#]} 46. Kc6 $1 {[%cal Rc6d5]} Ke6 47. Ra5 Be5 48. Rxd5 f6 $2 (48... Bf4 49. Kc5 Be5) 49. Rd8 Ke7 50. Ra8 Ke6 51. Re8+ {Weiß setzt Matt.} Kf7 52. Kd7 Bd4 53. Re7+ Kg6 54. Ke6 Bc3 55. Re8 Kg7 56. Kf5 Kf7 57. Rb8 Be5 58. Rb7+ Kf8 59. Kg6 {Precision: Weiß = 71%, Schwarz = 25%.} 1-0

[Event "CHI-ch Absolute 2018"]
[Site "Santiago"]
[Date "2018.03.01"]
[Round "8"]
[White "Perez Gormaz, Matias"]
[Black "Garcia Cardenas, Pablo"]
[Result "1/2-1/2"]
[WhiteElo "2410"]
[BlackElo "2454"]
[Annotator "TA"]
[PlyCount "28"]
[EventDate "2018.??.??"]
[EventType "tourn"]
[EventCountry "CHI"]
[SourceTitle "playchess.com"]
[Source "ChessBase"]
[SourceQuality "1"]

{[%evp 14,16,26,19,21]} 1. Nf3 d5 2. d4 Nf6 3. Bf4 c5 4. e3 Nc6 5. Nbd2 e6 6. c3 cxd4 7. exd4 {D02: 1 d4 d5 2 Nf3 sidelines, including 2...Nf6 3 g3 and 2...Nf6 3 Bf4} Nh5 8. Be3 {LiveBook: 69 Games} Nf6 (8... Bd6 9. Bd3 Nf4 10. Bxf4 Bxf4 11. O-O O-O 12. Re1 Bd7 13. Ne5 Nxe5 14. dxe5 g6 {1-0 (104) Vidit,S (2715)-Aronian,L (2805) Riadh 2017}) {Find the theoretical novelty and annotate with similar games:} 9. Ne5 $146 Nxe5 10. dxe5 Nd7 11. Nf3 g6 12. h4 a6 13. h5 Bg7 14. Qa4 Qc7 {1-0 (31) Bacallao Alonso,Y (2577)-Morales,J (2387) Cali 2017} 1/2-1/2

[Event "CHI-ch Absolute 2018"]
[Site "Santiago"]
[Date "2018.03.01"]
[Round "8"]
[White "Barria Zuniga, Daniel"]
[Black "Diaz Villagran, Robert"]
[Result "1/2-1/2"]
[WhiteElo "2395"]
[BlackElo "2317"]
[Annotator "TA"]
[PlyCount "35"]
[EventDate "2018.??.??"]
[EventType "tourn"]
[EventCountry "CHI"]
[SourceTitle "playchess.com"]
[Source "ChessBase"]
[SourceQuality "1"]

{[%evp 17,18,33,70]} 1. d4 Nf6 2. c4 d6 3. Nf3 Nbd7 4. Nc3 e5 5. e4 g6 6. Be2 Bg7 7. O-O O-O 8. Qc2 Re8 9. Rd1 c6 {Find the theoretical novelty and annotate with similar games:} 10. d5 $146 Qc7 11. Be3 Ng4 12. Bd2 Rf8 13. b4 Ngf6 14. Rac1 a6 15. Ne1 c5 16. a3 Ne8 17. Be3 b6 18. f3 {½-½ (43) Lysyj,I (2618)-Shimanov,A (2646) St Petersburg 2017} 1/2-1/2